| 000 | 00428pab a2200157 454500 | ||
|---|---|---|---|
| 008 | 180718b2003 xxu||||| |||| 00| 0 eng d | ||
| 100 | _aPerez, J.D. Garcia | ||
| 245 | _aEarly socio-political and environmental consequences of the prestige oil spill in Galicia | ||
| 260 | _c2003 | ||
| 300 | _ap.207-23. | ||
| 362 | _aSep | ||
| 650 | _aPetroleum industry | ||
| 650 | _aOil pollution | ||
| 773 | _aDisasters | ||
| 909 | _a58176 | ||
| 999 |
_c58176 _d58176 |
||